Atomic and Nuclear Physics / (Record no. 183982)

000 -LEADER
fixed length control field 00772 a2200181 4500
003 - CONTROL NUMBER IDENTIFIER
control field Nust
005 - DATE AND TIME OF LATEST TRANSACTION
control field 20221202100352.0
020 ## - INTERNATIONAL STANDARD BOOK NUMBER
International Standard Book Number 81-219-0414-5
040 ## - CATALOGING SOURCE
Transcribing agency Nust
082 ## - DEWEY DECIMAL CLASSIFICATION NUMBER
Classification number 539.7,SUB
100 ## - MAIN ENTRY--PERSONAL NAME
Personal name Subrahmanyam, N
9 (RLIN) 103962
245 ## - TITLE STATEMENT
Title Atomic and Nuclear Physics /
Statement of responsibility, etc. N. Subrahmanyam
260 ## - PUBLICATION, DISTRIBUTION, ETC.
Place of publication, distribution, etc. New Delhi
Name of publisher, distributor, etc. S . Chand & Co
Date of publication, distribution, etc. 2003
300 ## - PHYSICAL DESCRIPTION
Extent 551:p
505 ## - FORMATTED CONTENTS NOTE
Formatted contents note Electron (Page-1), Positive Rays (Page-62), X-Rays And Photo Electricity (Page-84), Radio Activity (Page-141), Particle Accelerators (Page-192), Atomic Structure (Page-206), Nuclear Energy (Page-330), Quantum Physics (Page-373), Special Theory Relativity (Page-453), Statistical Mechanics (Page-503), Crystal Structure (Page-529).
650 ## - SUBJECT ADDED ENTRY--TOPICAL TERM
Topical term or geographic name entry element Nuclear Physics
9 (RLIN) 259
942 ## - ADDED ENTRY ELEMENTS (KOHA)
Source of classification or shelving scheme
Koha item type Book
Call number prefix 539.7,SUB
Holdings
Withdrawn status Lost status Source of classification or shelving scheme Damaged status Not for loan Permanent Location Current Location Shelving location Date acquired Full call number Barcode Date last seen Price effective from Koha item type Public note
          Military College of Signals (MCS) Military College of Signals (MCS) General Stacks 12/12/2016 539.7,SUB MCS30268 12/08/2016 12/12/2016 Book Almirah No.16, Shelf No.6
© 2023 Central Library, National University of Sciences and Technology. All Rights Reserved.